<?xml version="1.0" encoding="UTF-8"?><?xml-stylesheet type="text/xsl" href="static/style.xsl"?><OAI-PMH xmlns="http://www.openarchives.org/OAI/2.0/" xmlns:xsi="http://www.w3.org/2001/XMLSchema-instance" xsi:schemaLocation="http://www.openarchives.org/OAI/2.0/ http://www.openarchives.org/OAI/2.0/OAI-PMH.xsd"><responseDate>2026-04-26T20:25:33Z</responseDate><request verb="GetRecord" identifier="oai:uvadoc.uva.es:10324/54" metadataPrefix="marc">https://uvadoc.uva.es/oai/request</request><GetRecord><record><header><identifier>oai:uvadoc.uva.es:10324/54</identifier><datestamp>2021-06-23T16:35:18Z</datestamp><setSpec>com_10324_30605</setSpec><setSpec>com_10324_894</setSpec><setSpec>col_10324_41</setSpec></header><metadata><record xmlns="http://www.loc.gov/MARC21/slim" xmlns:doc="http://www.lyncode.com/xoai" xmlns:xsi="http://www.w3.org/2001/XMLSchema-instance" xmlns:dcterms="http://purl.org/dc/terms/" xsi:schemaLocation="http://www.loc.gov/MARC21/slim http://www.loc.gov/standards/marcxml/schema/MARC21slim.xsd">
<leader>00925njm 22002777a 4500</leader>
<datafield tag="042" ind1=" " ind2=" ">
<subfield code="a">dc</subfield>
</datafield>
<datafield tag="720" ind1=" " ind2=" ">
<subfield code="a">Valles del Pozo, María José</subfield>
<subfield code="e">author</subfield>
</datafield>
<datafield tag="260" ind1=" " ind2=" ">
<subfield code="c">2007</subfield>
</datafield>
<datafield tag="520" ind1=" " ind2=" ">
<subfield code="a">Estudio de los procesos de cambio musical en el escenario de la procesión ocurridos en el intervalo aproximado de 10 años (1996-2006), sobre la hipótesis de que su desarrollo está desempeñando un papel activo en la actualización de la celebración de la Semana Santa Vallisoletana.&#xd;
La tesis aborda el contexto en que se inscribe el fenómeno musical. Contempla el análisis del ámbito social, la cofradía, poniendo especial atención en la banda como agente directo de producción musical; y el ámbito espacial de la representación, la procesión, como escenario en el que las hermandades manifiestan su individualidad y a su vez configuran la realidad de la celebración colectiva.&#xd;
Asimismo, se analizan aspectos concretos del hacho musical: los procesos que se han desarrollado en el espacio temporal definido, tanto desde el punto de vista de la actividad de los agentes como de los productos musicales.</subfield>
</datafield>
<datafield tag="024" ind2=" " ind1="8">
<subfield code="a">http://uvadoc.uva.es/handle/10324/54</subfield>
</datafield>
<datafield tag="024" ind2=" " ind1="8">
<subfield code="a">10.35376/10324/54</subfield>
</datafield>
<datafield ind1=" " ind2=" " tag="653">
<subfield code="a">Etnomusicología</subfield>
</datafield>
<datafield ind1=" " ind2=" " tag="653">
<subfield code="a">Semana Santa-España-Valladolid-Música</subfield>
</datafield>
<datafield tag="245" ind1="0" ind2="0">
<subfield code="a">Prácticas y procesos de cambio en la música procesional de la Semana Santa de Valladolid</subfield>
</datafield>
</record></metadata></record></GetRecord></OAI-PMH>